000 01134nam a2200277 i 4500
001 106803
003 ES-MaACL
005 20250624062932.0
007 t|
008 061228s1963 sp ||||1| spa d
080 _a75 García Llort, José María (083.82)
100 1 _aGarcía Llort, José María.
_954829
245 1 0 _aGarcía Llort
_b: [exposición, Sala del Prado del Ateneo de Madrid, 2 de octubre de 1963] /
_c[Texto: Cesáreo Rodríguez-Aguilera].
260 _a[Madrid] :
_bPublicaciones Españolas,
_c[1963]
300 _a[24] p. :
_bprincipalmente il. ;
_c28 cm.
490 1 _aCuadernos de arte. Colección ordinaria ;
_v122
600 0 4 _aGarcía Llort, José María
_954829
610 2 7 _aAteneo de Madrid-
_vExposiciones-
_y1960-1969.
_91920
655 7 _2tgfbne
_9193628
_aCatálogos de exposiciones
700 1 _aRodríguez Aguilera, Cesáreo.
_998320
710 2 _aAteneo de Madrid.
_bSala del Prado.
_91965
830 0 _aCuadernos de arte. Colección ordinaria
_v122
_9180064
852 _aES-MaACL
_j2209-F-53
_9110861
_bR.138503
_cDEPOF
942 _2udc
_cFOLLETOS
999 _c106803
_d106803